Panstwa Majace jako jezyk urzedowy jezyk angielski - Statystyki

Ogólne statystyki
  • Ten quiz został rozwiązany 96 razy
    90 od ostatniego zresetowania
  • Średni wynik to 32 z 61
Statystyki odpowiedzi
Odpowiedź % Poprawnych
Stany Zjednoczone
98%
Wielka Brytania
98%
Kanada
94%
Australia
88%
Irlandia
87%
Nowa Zelandia
82%
Południowa Afryka
80%
Republika Poludniowej Afryki
80%
Indie
70%
Kenia
66%
Fidżi
65%
Bahamy
54%
Sudan
54%
Tanzania
54%
Wyspy Marshalla
54%
Filipiny
53%
Jamajka
53%
Zimbabwe
53%
Barbados
52%
Botswana
52%
Lesotho
52%
Nigeria
52%
Antigua i Barbuda
51%
Palau
49%
Papua-Nowa Gwinea
49%
Singapur
49%
Sudan Południowy
49%
Dominika
48%
Eswatini
48%
Saint Kitts i Nevis
48%
Saint Vincent i Grenadyny
48%
Uganda
48%
Zambia
48%
Namibia
47%
Wyspy Salomona
47%
Belize
46%
Gujana
46%
Mikronezja
46%
Nauru
46%
Saint Lucia
46%
Seszele
46%
Malta
45%
Tuvalu
45%
Vanuatu
45%
Ghana
43%
Pakistan
43%
Somalia
43%
Tonga
43%
Trynidad i Tobago
42%
Rwanda
41%
Samoa
41%
Grenada
40%
Malezja
40%
Gambia
39%
Kamerun
37%
Kiribati
37%
Liberia
37%
Malawi
35%
Mauritius
34%
Sri Lanka
31%
Sierra Leone
28%
Nie znaleziono quizów pasujących do podanych kryteriów
Rozkład punktacji
Procent ludzi z każdym wynikiem
Percentyl według liczby udzielonych odpowiedzi
Twoja historia wyników
Nie rozwiązałeś tego quizu od ostatniego zresetowania